Instructional technology : (Record no. 139247)

MARC details
000 -LEADER
fixed length control field 00866nam a2200253 i 4500
001 - CONTROL NUMBER
control field C2-0342333
003 - CONTROL NUMBER IDENTIFIER
control field PPAK
005 - DATE AND TIME OF LATEST TRANSACTION
control field 20180728143732.0
008 - FIXED-LENGTH DATA ELEMENTS--GENERAL INFORMATION
fixed length control field 170720s2016 my a|||| ||||| | eng d
020 ## - INTERNATIONAL STANDARD BOOK NUMBER
International Standard Book Number 9789674602048
040 ## - CATALOGING SOURCE
Original cataloging agency PPAK
Language of cataloging eng
Transcribing agency PPAK
Description conventions rda
082 04 - DEWEY DECIMAL CLASSIFICATION NUMBER
Classification number 371.33
Edition number 23
090 00 - LOCALLY ASSIGNED LC-TYPE CALL NUMBER (OCLC); LOCAL CALL NUMBER (RLIN)
Classification number (OCLC) (R) ; Classification number, CALL (RLIN) (NR) 371.33
Feature heading INS
Feature heading G
245 00 - TITLE STATEMENT
Title Instructional technology :
Remainder of title issues and challenges
264 #1 - PRODUCTION, PUBLICATION, DISTRIBUTION, MANUFACTURE, AND COPYRIGHT NOTICE
Place of production, publication, distribution, manufacture Kuala Lumpur :
Name of producer, publisher, distributor, manufacturer Institut Terjemahan & Buku Malaysia Berhad ,
Date of production, publication, distribution, manufacture, or copyright notice 2016
300 ## - PHYSICAL DESCRIPTION
Extent xix, 236 pages :
Other physical details illustrations ;
Dimensions 23 cm
336 ## - CONTENT TYPE
Source rdacontent
Content type term text
337 ## - MEDIA TYPE
Source rdamedia
Media type term unmediated
338 ## - CARRIER TYPE
Source rdacarrier
Carrier type term volume
500 ## - GENERAL NOTE
General note Includes bibliographical references and index.
650 10 - SUBJECT ADDED ENTRY--TOPICAL TERM
Topical term or geographic name entry element Educational technology. ; Instructional systems. ; Educational innovations.
700 1# - ADDED ENTRY--PERSONAL NAME
Personal name Kamal B. Madarsha, Prof. Madya, Dr., 1945-,
Relator term editor
942 ## - ADDED ENTRY ELEMENTS (KOHA)
-- dc
Koha item type Book
Holdings
Withdrawn Not for loan Current library Shelving location Date acquired Total Checkouts Total Renewals Full call number Barcode Date last seen Date last checked out Koha item type Checked out
    Perpustakaan Alor Setar Pinjaman Dewasa 06/08/2017 3 2 371.33 INS A01532752 29/05/2019 12/05/2019 Book  
    Perpustakaan Jitra Pinjaman Dewasa 06/08/2017 2 1 371.33 INS A01532754 08/05/2021 28/02/2021 Book  
    Perpustakaan Kulim Pinjaman Dewasa 06/08/2017 2   371.33 INS A01532755 30/11/2024 24/11/2024 Book  
    Perpustakaan Kulim Pinjaman Dewasa 06/08/2017 2   371.33 INS A01532753 13/04/2026 13/04/2026 Book 04/05/2026
    Perpustakaan Langkawi Pinjaman Dewasa 06/08/2017     371.33 INS A01532756 09/05/2018   Book